|
|
|
|
| LEADER |
02416nam a2200529 a 4500 |
| 001 |
nkc20102154404 |
| 003 |
CZ PrNK |
| 005 |
20110303104034.0 |
| 007 |
ta |
| 008 |
110124s2010 xr a f m 000 0 cze |
| 015 |
|
|
|a cnb002154404
|
| 020 |
|
|
|a 978-80-248-2321-8
|q (brož.) :
|c neprodejné
|
| 035 |
|
|
|a (OCoLC)707609073
|
| 040 |
|
|
|a ABA001
|b cze
|
| 041 |
0 |
|
|a cze
|b eng
|
| 072 |
|
7 |
|a 624
|x Stavební inženýrství
|2 Konspekt
|9 19
|
| 080 |
|
|
|a 624.15
|2 MRF
|
| 080 |
|
|
|a 691.328.2
|2 MRF
|
| 080 |
|
|
|a 624.131.5
|2 MRF
|
| 080 |
|
|
|a (043.3)378.245
|2 MRF
|
| 080 |
|
|
|a (048.3)
|2 MRF
|
| 100 |
1 |
|
|a Sekanina, David
|7 jx20110124009
|4 dis
|
| 245 |
1 |
0 |
|a Interakce předpjatých konstrukcí v kontaktu s podložím :
|b autoreferát k doktorské disertační práci /
|c vypracoval David Sekanina
|
| 260 |
|
|
|a Ostrava :
|b Vysoká škola báňská - Technická univerzita Ostrava,
|c 2010
|
| 300 |
|
|
|a 31 s. :
|b il. (některé barev.) ;
|c 21 cm
|
| 490 |
1 |
|
|a Vědecké publikace Fakulty stavební Vysoké školy báňské - Technické univerzity Ostrava. Doktorské disertační, habilitační a inaugurační spisy,
|x 1213-7456
|
| 500 |
|
|
|a "Studijní program: P3607 Stavební inženýrství, studijní obor: 3607V025 Teorie konstrukcí"
|
| 500 |
|
|
|a Autoreferát disertační práce (Ph.D.)--Vysoká škola báňská - Technická univerzita Ostrava, Fakulta stavební, katedra konstrukcí, 2010
|
| 500 |
|
|
|a 30 výt.
|
| 500 |
|
|
|a Obsahuje přehled souvisejících norem
|
| 504 |
|
|
|a Obsahuje bibliografii
|
| 546 |
|
|
|a Anglické resumé
|
| 650 |
0 |
7 |
|a zakládání staveb
|7 ph127528
|2 czenas
|
| 650 |
0 |
7 |
|a předpjatý beton
|7 ph216744
|2 czenas
|
| 650 |
0 |
7 |
|a podloží
|7 ph270297
|2 czenas
|
| 650 |
0 |
9 |
|a foundation engineering
|2 eczenas
|
| 650 |
0 |
9 |
|a prestressed concrete
|2 eczenas
|
| 650 |
0 |
9 |
|a subgrades
|2 eczenas
|
| 655 |
|
7 |
|a doktorské disertace
|7 fd186751
|2 czenas
|
| 655 |
|
7 |
|a autoreferáty
|7 fd131857
|2 czenas
|
| 710 |
2 |
|
|a Vysoká škola báňská - Technická univerzita Ostrava.
|b Katedra konstrukcí
|7 kn20020409012
|
| 810 |
2 |
|
|a Vysoká škola báňská - Technická univerzita Ostrava.
|b Stavební fakulta.
|t Vědecké publikace.
|p Doktorské disertační, habilitační a inaugurační spisy
|0 s
|
| 910 |
2 |
|
|a BOA001
|b 2-1261.010
|
| 990 |
|
|
|a BK
|
| 995 |
|
|
|a 01
|
| 991 |
|
|
|b 201102
|c NOV
|e n
|
| 996 |
6 |
|
|b 2610462775
|c 2-1261.010
|l MZK
|r Sklad / do 1 hodiny
|n 0
|p p.v.
|w 001167117
|u 000010
|a 1
|e BOA001
|j MZK50
|s P
|